| 000 | 01502cam a2200397 a 4500 | ||
|---|---|---|---|
| 001 | 651850 | ||
| 003 | BJBSDDR | ||
| 005 | 20240930160215.0 | ||
| 007 | ta | ||
| 008 | 940414s1994 dcua bf 001 0 eng | ||
| 010 | _a 94011498 | ||
| 020 | _a9781557982414 | ||
| 020 | _a1557982414 | ||
| 020 | _a9781557982438 | ||
| 020 | _a1557982430 | ||
| 040 |
_aDLC _cDLC _dDLC _dWaU _beng |
||
| 041 | _aeng | ||
| 050 | 1 | 4 |
_aR BF 76.7 _bP976 1994 |
| 082 | 0 | 0 | _a808/.06615 |
| 245 | 0 | 0 |
_aPublication manual of the American Psychological Association / _cAmerican Psychological Association |
| 250 | _a4th edition | ||
| 260 |
_aWashington, DC : _bAmerican Psychological Association, _cc1994. |
||
| 300 |
_axxxii, 368 pages ; _c25 cm. |
||
| 504 | _aIncludes bibliographical references (pages 319-330) and index. | ||
| 650 | 0 |
_aPsychology _xAuthorship _vStyle manuals. |
|
| 650 | 4 |
_aPsicología _xAutoría _vManuales _938651 |
|
| 650 | 0 |
_aSocial sciences _xAuthorship _vStyle manuals. |
|
| 650 | 4 |
_aCiencias sociales _xAutoría _vManuales _913073 |
|
| 650 | 0 |
_aPsychological literature _xPublishing _vHandbooks, manuals, etc. |
|
| 650 | 0 |
_aSocial science literature _xPublishing _vHandbooks, manuals, etc. |
|
| 650 | 4 |
_aPsicología _xPublicaciones _vManuales _938653 |
|
| 710 | 2 |
_aAmerican Psychological Association _95748 |
|
| 906 |
_a7 _bcbc _corignew _d1 _eocip _f19 _gy-gencatlg |
||
| 942 |
_2lcc _cBK |
||
| 999 |
_c122047 _d122047 |
||